| 000 | 01447nam a2200361 a 4500 | ||
|---|---|---|---|
| 001 | 000111064 | ||
| 003 | CHAP | ||
| 005 | 20220329144156.0 | ||
| 008 | 141128s2014 mx fsm |||||||spa d | ||
| 010 | _a107526 | ||
| 011 | _a108498 | ||
| 040 | _cCHAP | ||
| 090 | _aTesis | ||
| 100 | 1 |
_aMartínez Reyes, Citlali _9128872 |
|
| 245 | 1 | 0 |
_aGerminación de esporas de helechos arborescentes _h[En línea] _bAlsophila firma (Baker) y dicksonia sellowiana (Hook), conservados ex situ en el invernadero especies tropicales de la Universidad Autónma Chapingo / _cpor Citlali Martínez Reyes y Esmeralda Serrano Cervantes. |
| 260 |
_aChapingo, Méx. : _bEl autor, _c2014. |
||
| 500 | _aPara ver el contenido del material haga clic en la liga | ||
| 502 | _aTesis (Ing. en Recursos Naturales Renovables) -- UACH. Departamento de Suelos | ||
| 590 |
_aE11695DGD _b10 _c20141202 _lUCH01 _h0745 |
||
| 590 |
_aE5995AHE _b05 _c20141128 _lUCH01 _h1056 |
||
| 590 |
_aE5995AHE _b05 _c20141128 _lUCH01 _h1057 |
||
| 590 |
_aE5995AHE _b05 _c20141128 _lUCH01 _h1059 |
||
| 650 | 1 | 4 |
_aEsporas _xGerminación. _938132 |
| 650 | 1 | 4 |
_aHelechos _xMéxico (Edo.) _953416 |
| 650 | 1 | 4 |
_aPlantas tropicales. _989088 |
| 650 | 1 | 4 |
_aPropagación de plantas. _992417 |
| 650 | 1 | 4 |
_aSustratos. _9110789 |
| 700 | 1 |
_aSerrano Cervantes, Esmeralda _9128873 |
|
| 856 |
_aFinding aid _uhttp://10.13.5.2/tesis/sist111064.pdf _zTeclea aquí |
||
| 901 | _aBK | ||
| 942 | _cTESIS | ||
| 942 | _n0 | ||
| 999 |
_c107526 _d107526 |
||